Catálogo
Digital

Catálogo
Digital

Mercadotecnia (Record no. 13987)

MARC details
000 -CABECERA
campo de control de longitud fija 01602nam a2200301 4500
003 - IDENTIFICADOR DEL NÚMERO DE CONTROL
campo de control EC-UNACH
005 - FECHA Y HORA DE LA ÚLTIMA TRANSACCIÓN
campo de control 20251007101602.0
006 - CÓDIGOS DE INFORMACIÓN DE LONGITUD FIJA--CARACTERÍSTICAS DEL MATERIAL ADICIONAL
campo de control de longitud fija s||||gr|||| 00| 00
008 - DATOS DE LONGITUD FIJA--INFORMACIÓN GENERAL
campo de control de longitud fija 150116t9999 mx r gr 000 0 spa d
020 ## - NÚMERO INTERNACIONAL ESTÁNDAR DEL LIBRO
Número Internacional Estándar del Libro 968-24-7647-X
040 ## - FUENTE DE LA CATALOGACIÓN
Centro catalogador/agencia de origen EC-UNACH
Centro/agencia transcriptor EC-UNACH
041 ## - CÓDIGO DE LENGUA
Código de lengua del texto/banda sonora o título independiente spa
082 04 - NÚMERO DE LA CLASIFICACIÓN DECIMAL DEWEY
Número de edición 23
Número de clasificación 658.8
Número de documento/Ítem L0105915
110 ## - ENTRADA PRINCIPAL--NOMBRE DE ENTIDAD CORPORATIVA
Nombre de entidad corporativa o nombre de jurisdicción como elemento de entrada Trillas
245 ## - MENCIÓN DE TÍTULO
Título Mercadotecnia
250 ## - MENCIÓN DE EDICIÓN
Mención de edición Segunda edición
264 ## - Producción, publicación, distribución, fabricación y copyright
Lugar de producción, publicación, distribución, fabricación México
Nombre del de productor, editor, distribuidor, fabricante Trillas
Fecha de de producción, publicación, distribución, fabricación o copyright 2006
300 ## - DESCRIPCIÓN FÍSICA
Extensión 206 páginas
Otras características físicas Figuras, Tablas
505 ## - NOTA DE CONTENIDO CON FORMATO
Nota de contenido con formato Origen de la mercadotecnia -- Interpretación en el idioma español -- Definición -- Objetivos de la mercadotecnia -- Funciones de la mercadotecnia -- Mezcla de mercadotecnia -- La mercadotecnia y el medio -- Importancia del medio -- Mercado y segmentación de mercado -- Definición -- Tipos de mercado -- Segmentación del mercado -- Proceso de selección del mercado -- Comportamiento del consumidor -- Definición -- Factores de influencia -- Motivación y necesidades del consumidor -- Modelos del comportamiento del consumidor -- Producto -- Definición -- Clases de producto -- Línea y mezcla de productos -- Clasificación -- Diferenciación de productos -- Desarrollo de nuevos productos -- Ciclo de vida del producto -- Componentes de un producto o servicio -- Equipos de manejo.
650 ## - PUNTO DE ACCESO ADICIONAL DE MATERIA--TÉRMINO DE MATERIA
Término de materia o nombre geográfico como elemento inicial SEGMENTACIÓN DE MERCADO
650 ## - PUNTO DE ACCESO ADICIONAL DE MATERIA--TÉRMINO DE MATERIA
Término de materia o nombre geográfico como elemento inicial CICLO DE VIDA DE PRODUCTO
650 ## - PUNTO DE ACCESO ADICIONAL DE MATERIA--TÉRMINO DE MATERIA
Término de materia o nombre geográfico como elemento inicial TIPOS DE PUBLICIDAD
700 ## - PUNTO DE ACCESO ADICIONAL--NOMBRE DE PERSONA
Nombre de persona Maubert Viveros, Claudio
942 ## - ELEMENTOS DE PUNTO DE ACCESO ADICIONAL (KOHA)
Tipo de ítem Koha Libros
Fuente del sistema de clasificación o colocación Clasificación Decimal Dewey
999 ## - NÚMEROS DE CONTROL DE SISTEMA (KOHA)
Koha biblionumber 13987
Holdings
Estado de pérdida Fuente del sistema de clasificación o colocación Estado dañado No para préstamo Localización permanente Ubicación/localización actual Ubicación en estantería Fecha de adquisición Fuente de adquisición Número de inventario Total de préstamos Signatura topográfica completa Código de barras Fecha visto por última vez Número de copia Precio válido a partir de Tipo de ítem Koha Centro de costos
  Clasificación Decimal Dewey     Biblioteca Campus Norte Biblioteca Campus Norte Administración de Empresas 07/10/2025 Disposición Transitoria SEGUNDA. Resolución No. 0311-CU-UNACH-SE-ORD-16-09-2024 39932852   658.8 MAU L005915 L005915 07/10/2025 Ej: 01 07/10/2025 Libros  

Powered by Koha